000 01226nam a22003377a 4500
001 1088358
003 OSt
005 20210420074108.0
008 920729s1993 nyu 000 0 eng
010 _a 92027935
020 _a0195081994 :
040 _aeng
_cDLC
_deng
041 _aeng
050 0 0 _aQ173
_b.M87 1993
080 _a821.111
_bM-85
082 0 0 _a500
_220
100 1 _aMorowitz, Harold J.
245 1 0 _aEntropy and the magic flute /
_cHarold J. Morowitz.
260 _aNew York :
_bOxford University Press,
_c1993.
300 _axiv, 224 p. ;
_c22 cm.
365 _b22 usd
650 0 _aScience
_xMiscellanea.
650 0 _aEnglish literature
_9247
653 _aინგლისური ლიტერატურა
653 _aმეცნიერება
856 4 2 _3Publisher description
_uhttp://www.loc.gov/catdir/enhancements/fy0604/92027935-d.html
856 4 2 _3Contributor biographical information
_uhttp://www.loc.gov/catdir/enhancements/fy0724/92027935-b.html
906 _a7
_bcbc
_corignew
_d1
_eocip
_f19
_gy-gencatlg
942 _2udc
_cBK
999 _c543
_d543